Cuadernos de pensamiento naval / (Record no. 196282)

MARC details
000 -LEADER
campo de control de longitud fija 01780nas a2200445 i 4500
001 - NÚMERO DE CONTROL
campo de control 196282
003 - IDENTIFICADOR DE NÚMERO DE CONTROL
campo de control ES-MaACL
005 - FECHA Y HORA DE LA ÚLTIMA TRANSACCIÓN
campo de control 20250802231920.0
006 - CÓDIGOS DE INFORMACIÓN DE LONGITUD FIJA--CARACTERÍSTICAS DEL MATERIAL ADICIONAL
campo de control de longitud fija m g d f
007 - CAMPO FIJO DE DESCRIPCIÓN FÍSICA--INFORMACIÓN GENERAL
campo de control de longitud fija cr*|||||||||||
008 - DATOS DE LONGITUD FIJA--INFORMACIÓN GENERAL
campo de control de longitud fija 240827c20019999sp fr pso f0 b0spa
010 ## - NÚMERO DE CONTROL DE LA BIBLIOTECA DEL CONGRESO
Número de control de LC c
Número de control de NUCMC 1
022 0# - NÚMERO INTERNACIONAL NORMALIZADO PARA PUBLICACIONES SERIADAS
Número Internacional Normalizado para Publicaciones Seriadas 2530-2116
Fuente _u
035 ## - NÚMERO DE CONTROL DEL SISTEMA
Número de control de sistema (OCoLC)1201057720
035 ## - NÚMERO DE CONTROL DEL SISTEMA
Número de control de sistema 991058530309708606
035 ## - NÚMERO DE CONTROL DEL SISTEMA
Número de control de sistema (SpMaBN)a5859026
040 ## - FUENTE DE CATALOGACIÓN
Centro catalogador/agencia de origen SpMaBN
Lengua de catalogación spa
Centro/agencia transcriptor SpMaBN
Normas de descripción rdc
Centro/agencia modificador ES-MaACL
080 ## - NÚMERO DE LA CLASIFICACIÓN DECIMAL UNIVERSAL
Número de la Clasificación Decimal Universal 355.353
130 0# - ENTRADA PRINCIPAL--TÍTULO UNIFORME
Título uniforme Cuadernos de pensamiento naval (Internet)
9 (RLIN) 237606
210 0# - TÍTULO ABREVIADO
Título abreviado Cuad. pensam. naval
Información calificativa Internet
222 #0 - TÍTULO CLAVE
Título clave Cuadernos de pensamiento naval
Información calificativa Internet
245 10 - MENCIÓN DEL TÍTULO
Título Cuadernos de pensamiento naval /
Mención de responsabilidad, etc. Escuela de Guerra Naval
260 ## - PUBLICACIÓN, DISTRIBUCIÓN, ETC.
Lugar de publicación, distribución, etc. Madrid :
Nombre del editor, distribuidor, etc. Ministerio de Defensa, Secretaría General Técnica,
Fecha de publicación, distribución, etc. 2001-
310 ## - PERIODICIDAD ACTUAL
Periodicidad actual Semestral
336 ## - TIPO DE CONTENIDO
Término de tipo de contenido Texto (visual)
Fuente isbdcontent
337 ## - TIPO DE MEDIO
Nombre/término del tipo de medio electrónico
Fuente isbdmedia
338 ## - TIPO DE SOPORTE
Fuente rdacarrier
Nombre/término del tipo de soporte volumen
362 0# - FECHAS DE PUBLICACIÓN Y/O DESIGNACIÓN SECUENCIAL
Fecha de publicación y/o designación secuencial N. 1 (jun. 2001)-
594 ## - Nota al título y mención de responsabilidad
Nota al título y mención de responsabilidad Título tomado de la cubierta del PDF (consultada el 27 de agosto de 2024)
650 #7 - PUNTO DE ACCESO ADICIONAL DE MATERIA--TÉRMINO DE MATERIA
Término de materia o nombre geográfico como elemento de entrada Marina de guerra
9 (RLIN) 136465
655 #0 - TERMINO DE INDIZACIÓN--GENERO/FORMA
Datos o término principal de género/forma Revistas electrónicas
Fuente del término tgfbne
9 (RLIN) 226718
655 #0 - TERMINO DE INDIZACIÓN--GENERO/FORMA
Datos o término principal de género/forma Páginas Web
Fuente del término tgfbne
9 (RLIN) 226719
710 ## - ENTRADA AGREGADA--NOMBRE DE ENTIDAD CORPORATIVA
Nombre de entidad corporativa o nombre de jurisdicción como elemento de entrada Escuela de Guerra Naval (Madrid)
9 (RLIN) 237607
710 1# - ENTRADA AGREGADA--NOMBRE DE ENTIDAD CORPORATIVA
Nombre de entidad corporativa o nombre de jurisdicción como elemento de entrada España.
Unidad subordinada Ministerio de Defensa.
-- Secretaría General Técnica
9 (RLIN) 238621
776 08 - ENTRADA DE FORMULARIO FÍSICO ADICIONAL
Información de relación Versión impresa
Título Cuadernos de pensamiento naval =
Número Internacional Normalizado para Publicaciones Seriadas ISSN 1697-2333
biblionumber 195853
Número de control del registro 195853
856 40 - LOCALIZACIÓN Y ACCESO ELECTRÓNICOS
Identificador Uniforme de Recursos <a href="http://www.armada.mde.es/ArmadaPortal/page/Portal/ArmadaEspannola/mardigitalrevistas/prefLang-es/06boletinPensamiento">http://www.armada.mde.es/ArmadaPortal/page/Portal/ArmadaEspannola/mardigitalrevistas/prefLang-es/06boletinPensamiento</a>
Texto de enlace Acceso electrónico
942 ## - ELEMENTOS DE ENTRADA SECUNDARIOS (KOHA)
Fuente del sistema de clasificación o colocación Clasificación decimal universal
Suprimir en OPAC No
Tipo de ítem Koha Revista electrónica
955 ## - CATALOGADOR - EDICIÓN
Nombre de catalogador Pilar Fernández Vera

No items available.